=LDR 00000nam 2200000 4500 =001 INLIS000000000000268 =005 20150305105348.0 =006 =007 =008 Ind =035 ##$$0010-061300000000268 =041 ##$$a Ind =082 ##$$a 621.381 =090 ##$$a 621.381 Rus h =100 ##$$a Rusmadi, Dedy =245 ##$$a Hoby elektronika, Aneka Rangkaian populer / Dedy Rusmadi =260 ##$$a Bandung $b Pionir Jaya $c 1995 =300 ##$$a 148 hlm. : Ilus. ; 19 cm =650 ##$$a Elektronika =850 ##$$a NBPNMAT